000 00504nam a2200169Ia 4500
008 181130s2018 xx 000 0 und d
100 _aRobitaille, Marie-Claire
245 _aSex-selective abortions and infant mortality in India: the role of parents' stated son preference
260 _c2018
300 _ap.47-56.
504 _dJan
650 _aAbortion
650 _aInfant mortality - India
700 _aChatterjee, Ishita
773 _aJournal of Development Studies
906 _aAbortion
999 _c506433
_d506433